<?xml version="1.0" encoding="UTF-8"?>
<record
    xmlns:xsi="http://www.w3.org/2001/XMLSchema-instance"
    xsi:schemaLocation="http://www.loc.gov/MARC21/slim http://www.loc.gov/standards/marcxml/schema/MARC21slim.xsd"
    xmlns="http://www.loc.gov/MARC21/slim">

  <leader>00984cam a2200253   4500</leader>
  <controlfield tag="001">agr68000214 </controlfield>
  <controlfield tag="003">DLC</controlfield>
  <controlfield tag="005">20260227111030.0</controlfield>
  <controlfield tag="008">691105s1968    dcua          000 0 eng c</controlfield>
  <datafield tag="010" ind1=" " ind2=" ">
    <subfield code="a">agr68000214 </subfield>
  </datafield>
  <datafield tag="040" ind1=" " ind2=" ">
    <subfield code="a">U.S. Nat'l Agr. Libr.</subfield>
    <subfield code="c">DLC</subfield>
    <subfield code="d">DLC</subfield>
  </datafield>
  <datafield tag="070" ind1="0" ind2=" ">
    <subfield code="a">A281.9 Ag83 no. 212</subfield>
  </datafield>
  <datafield tag="100" ind1="1" ind2=" ">
    <subfield code="a">Skinner, Snider W.</subfield>
    <subfield code="q">(Snider William),</subfield>
    <subfield code="d">1916-</subfield>
  </datafield>
  <datafield tag="245" ind1="1" ind2="0">
    <subfield code="a">Liberia's agricultural economy in brief</subfield>
    <subfield code="c">by Snider W. Skinner.</subfield>
  </datafield>
  <datafield tag="260" ind1=" " ind2=" ">
    <subfield code="a">[Washington]</subfield>
    <subfield code="b">Economic Research Service, U.S. Dept. of Agriculture,</subfield>
    <subfield code="c">1968.</subfield>
  </datafield>
  <datafield tag="300" ind1=" " ind2=" ">
    <subfield code="a">10 p.</subfield>
    <subfield code="b">illus.</subfield>
    <subfield code="c">26 cm.</subfield>
  </datafield>
  <datafield tag="490" ind1="1" ind2=" ">
    <subfield code="a">[United States. Dept. of Agriculture. Economic Research Service] ERS-foreign</subfield>
    <subfield code="v">212</subfield>
  </datafield>
  <datafield tag="500" ind1=" " ind2=" ">
    <subfield code="a">Caption title.</subfield>
  </datafield>
  <datafield tag="650" ind1=" " ind2="0">
    <subfield code="a">Agriculture</subfield>
    <subfield code="x">Economic aspects</subfield>
    <subfield code="z">Liberia.</subfield>
  </datafield>
  <datafield tag="650" ind1=" " ind2="0">
    <subfield code="a">Agriculture</subfield>
    <subfield code="z">Liberia.</subfield>
  </datafield>
  <datafield tag="650" ind1=" " ind2="3">
    <subfield code="a">Agriculture</subfield>
    <subfield code="x">Economic aspects</subfield>
    <subfield code="z">Liberia.</subfield>
  </datafield>
  <datafield tag="651" ind1=" " ind2="3">
    <subfield code="a">Liberia</subfield>
    <subfield code="x">Agriculture.</subfield>
  </datafield>
  <datafield tag="810" ind1="1" ind2="0">
    <subfield code="a">[United States.</subfield>
    <subfield code="b">Department of Agriculture.</subfield>
    <subfield code="b">Economic Research Service]</subfield>
    <subfield code="t">ERS-foreign</subfield>
    <subfield code="v">212.</subfield>
  </datafield>
  <datafield tag="999" ind1=" " ind2=" ">
    <subfield code="c">12518</subfield>
    <subfield code="d">12518</subfield>
  </datafield>
</record>
